Central Library OPAC University of Rajshahi

Introductory nuclear physics / (Record no. 10241)

MARC details
000 -LEADER
fixed length control field 00848nam a22002658 4500
001 - CONTROL NUMBER
control field 10241
003 - CONTROL NUMBER IDENTIFIER
rucl marc code BD-RjUL
005 - DATE AND TIME OF LATEST TRANSACTION
control field 20211208234923.0
008 - FIXED-LENGTH DATA ELEMENTS--GENERAL INFORMATION
fixed length control field 140123r20051990ii b 001 0 eng
020 ## - INTERNATIONAL STANDARD BOOK NUMBER
International Standard Book Number 0134911687
035 ## - SYSTEM CONTROL NUMBER
System control number MITb10485732
System control number (OCoLC)19886468
System control number GLIS00485732
-- (BD-RjUL010289
040 ## - CATALOGING SOURCE
Original cataloging agency DLC
Transcribing agency DLC
Modifying agency MYG
-- BD-RjUL
Language of cataloging eng
041 ## - LANGUAGE CODE
Language code of text/sound track or separate title eng
082 ## - DEWEY DECIMAL CLASSIFICATION NUMBER
Classification number 539.7
Author mark and year WOI 2005
100 1# - MAIN ENTRY--PERSONAL NAME
Personal name Wong, S. S. M.
Fuller form of name (Samuel Shaw Ming),
Dates associated with a name 1937-
9 (RLIN) 31644
245 10 - TITLE STATEMENT
Title Introductory nuclear physics /
Statement of responsibility, etc. Samuel .S.M. Wong.
250 ## - EDITION STATEMENT
Edition statement Eastern economy ed., Indian reprint ed.
260 ## - PUBLICATION, DISTRIBUTION, ETC. (IMPRINT)
Place of publication, distribution, etc. Englewood Cliffs, N.J. :
Name of publisher, distributor, etc. Prentice Hall,
Date of publication, distribution, etc. c1990.
-- [Printing 2002, 2005]
300 ## - PHYSICAL DESCRIPTION
Pagination viii, 486 p. :
Illustrations ill.
Size 24 cm.
504 ## - BIBLIOGRAPHY, ETC. NOTE
Bibliography, etc Includes Bibliography: p.453-459 and index.
650 #0 - SUBJECT ADDED ENTRY--TOPICAL TERM
Topical term or geographic name as entry element Nuclear physics.
9 (RLIN) 31645
942 ## - ADDED ENTRY ELEMENTS (KOHA)
Source of classification or shelving scheme Dewey Decimal Classification
Koha item type Books
Holdings
Lost status Source of classification or shelving scheme Damaged status Not for loan Collection code Permanent Location Current Location Shelving location Date acquired Source of acquisition Cost, normal purchase price Total Checkouts Full call number Date last seen Copy number Koha item type
  Dewey Decimal Classification     Non-fiction Central Library, University of Rajshahi Central Library, University of Rajshahi   10/05/2008 Dhaka Progan Enterprise 195.00   539.7 WOI 2005 23/01/2014 C-3 Books
  Dewey Decimal Classification     Non-fiction Central Library, University of Rajshahi Central Library, University of Rajshahi   24/12/2005 Dhaka, paragon enterprices ltd. 150.00   539.7 WOI 2002 03/10/2016 C-2 Books
  Dewey Decimal Classification   Not For Loan Non-fiction Central Library, University of Rajshahi Central Library, University of Rajshahi Reading Room 05/10/2008 Dhaka, paragon enterprices ltd. 150.00   539.7 WOI 2005 03/10/2016 C-1 Books
  Dewey Decimal Classification     Non-fiction Central Library, University of Rajshahi Central Library, University of Rajshahi   24/12/2005 Dhaka, Paragon Enterprises Ltd. 150.00   539.7 WOI 2002 25/03/2017 C-4 Books